Statistics for Jardines del Rey Airport Destinations (Cayo Coco, Cuba)

Click here to take the quiz!

General Stats

  • This quiz has been taken 9 times
  • The average score is 10 of 13

Answer Stats

AirlineDestination% Correct
Aerogaviota/Cubana de AviacionHavana
100%
Air Canada Rouge/Air Transat/OWG/Sunwing AirlinesMontreal (Trudeau)
100%
Nordwind AirlinesMoscow (Sheremetyevo)
100%
Azur AirMoscow (Vnukovo)
100%
Air TransatOttawa
100%
Air TransatQuebec City
100%
Air Canada Rouge/Air Transat/OWG/Sunwing AirlinesToronto (Pearson)
100%
Air Transat/Sunwing AirlinesHalifax
67%
Air Transat/Sunwing AirlinesHamilton (ON)
67%
Sunwing AirlinesSt. John's
67%
EuroAtlantic AirwaysLisbon
50%
Cubana de AviacionBuenos Aires (Ezeiza)
33%
Sunwing AirlinesFredericton
17%

Score Distribution

Percentile by Number Answered

Percent of People with Each Score

Your Score History

You have not taken this quiz